000 00314nam a2200133Ia 4500
008 230917s9999||||xx |||||||||||||| ||und||
040 _e127988
_aMAIN
041 _aEnglish
082 _a005.74 D451I
100 _aDesai, Bepine
245 0 _aIntroduction to data base Systems
300 _a820p. p.
942 _cBK
999 _c78529
_d78529